00406nam a2200121Ia 4500003000400000005001700004008004100021040001800062041000800080100004600088245011700134260003300251OSt20260121104316.0211028s2014 xx 000 0 und d cAIMIT LIBRARY aeng aAnchan, Shravya S; Monis, Elroy.g1216130 aStudy on employee job satisfaction with special reference to Mangalore special economic zone limited Mangalore / aMangalorebElroy Monisc2014